000 00913cab a22001815a 4500
001 L144824
008 080812e20080716xxkbdo f 000 0 eng d
035 _a(Sirsi) u144824
041 0 _aeng
100 1 _aPrior, Grant
245 0 0 _aNorth West still scoring with public sector work
260 _c2008
490 _aContract Journal
_v(444)6684 16 July 2008, 17-19(2)
520 _aFocus section on the North West provides an overview of the construction market for the region. Explains that the residential market is doing poorly as a result of the current economic downturn, but that public sector works are still providing a steady source of income. Provides statistics and charts on construction outputs by sub-sector and region, and projected employment figures for 2012 as a comparative indicator.
651 4 _aEngland and Wales
_y1543-
690 _aBUILT ENVIRONMENT-CONSTRUCTION MARKET
942 _n0
999 _c80605
_d80605